| 000 | 00548cam a2200181 a 4500 | ||
|---|---|---|---|
| 005 | 20250901165336.0 | ||
| 008 | 870102s1987 nyu 000 1 eng | ||
| 010 | _a 86031627 | ||
| 020 |
_a0394555201 : _c$16.95 |
||
| 050 | 0 | 0 |
_aPS3557.O669 _bT4 1987 |
| 082 | 0 | 0 |
_a813/.54 _219 |
| 100 | 1 |
_aGordon, Mary, _d1949- |
|
| 245 | 1 | 0 |
_aTemporary shelter : _bshort stories / _cMary Gordon. |
| 250 | _a1st ed. | ||
| 260 |
_aNew York, NY : _bRandom House, _cc1987. |
||
| 300 |
_a213 p. ; _c24 cm. |
||
| 942 |
_2lcc _hPS3557.O669 .G67 1987 |
||
| 999 |
_c2430 _d2430 |
||